000 01062nac a22003017a 4500
001 BR6007357
003 BR-BrBNA
005 20240105121934.0
008 230509b bl.|||m| |||| 00| 0 por d
040 _aBR-BrBNA
_bpor
_cBiblioteca Nacional de Agricultura
072 _aH60; F00
090 _a0120 BR6007357
100 1 _aCoelho, J.P.
100 1 _aSilva, J.B. da
100 1 _aSaturnino, M.A.C.
100 1 _aMagnavaca, R.
100 1 _aSilva, J.
110 1 _aInstituto de Pesquisas e Experimentacao Agropecuarias do Centro-Oeste, Sete Lagoas, MG (Brasil)
_96174
245 1 _aPossibilidades economicas do uso de herbicidas na cultura do milho
_bPrograma Articulacao Pesquisa Extensao EPE-ABCAR
260 3 _aSete Lagoas, MG (Brasil):
_c1971.
300 _a7 p.
490 _aSerie Pesquisa Extensao - Instituto de Pesquisas e Experimentacao Agropecuaria do Centro-Oeste (Brazil)
_vno. 8
_x
650 _aHerbicida
650 _aErva Daninha
650 _aMilho
909 _a202312
_bLúcia Elande
_c55
_dLúcia Elande
942 _2AGRIS
_n0
_cMS
999 _c288327
_d288327